[Event "Las Americas Team op U2400 Hybrid 2nd"]
[Site "Internet"]
[Date "2022.06.25"]
[Round "2.3"]
[White "Briceno Salas, Gabriel Anselmo"]
[Black "Palladino Guayapero, Vincenzo"]
[Result "1/2-1/2"]
[WhiteElo "1730"]
[BlackElo "1368"]
[PlyCount "97"]
[EventDate "2022.06.25"]
[EventType "team-tourn"]
[EventRounds "5"]
[EventCountry "VEN"]
[SourceTitle "EXT 2024"]
[Source "ChessBase"]
[SourceDate "2023.10.10"]
[SourceVersion "1"]
[SourceVersionDate "2023.10.10"]
[SourceQuality "1"]
[WhiteTeam "Miranda Candidatos a la Elite"]
[BlackTeam "Maxima AAA"]
[WhiteTeamCountry "VEN"]
[BlackTeamCountry "VEN"]

1. e4 e5 2. Nf3 Nc6 3. d4 exd4 4. Bc4 Nf6 5. e5 d5 6. Bb5 Ne4 7. Nxd4 Bc5 8. 0-0 Bd7 9. Bxc6 Bxc6 10. Be3 Bxd4 11. Bxd4 0-0 12. f4 b6 13. Qh5 Be8 14. Nc3 Nxc3 15. bxc3 c5 16. Be3 Qe7 17. Rae1 f5 18. Qf3 Bc6 19. Rd1 Qe6 20. Qe2 a6 21. Bf2 Bb5 22. Qd2 Bxf1 23. Kxf1 Rfd8 24. Bh4 Rd7 25. Qd3 Qh6 26. Bg3 Qe6 27. Bf2 a5 28. Qb5 Rc8 29. Rb1 Rb7 30. Qa6 Rcb8 31. Bxc5 Qh6 32. Bd6 Qxh2 33. Bxb8 Qxf4+ 34. Kg1 Rxb8 35. Re1 Qg3 36. Qe2 Qxc3 37. e6 Re8 38. e7 Qc6 39. Qe5 g6 40. g4 Kf7 41. gxf5 Qc5+ 42. Kh1 Rxe7 43. fxg6+ hxg6 44. Rf1+ Ke8 45. Qb8+ Kd7 46. Qb7+ Ke8 47. Qb8+ Kd7 48. Qb7+ Ke8 49. Qb8+ 1/2-1/2

[Event "Las Americas Team op U2400 Hybrid 2nd"]
[Site "Internet"]
[Date "2022.06.25"]
[Round "3.2"]
[White "Palladino Guayapero, Vincenzo"]
[Black "Jonet, Davena"]
[Result "1-0"]
[WhiteElo "1368"]
[BlackElo "1458"]
[PlyCount "93"]
[EventDate "2022.06.25"]
[EventType "team-tourn"]
[EventRounds "5"]
[EventCountry "VEN"]
[SourceTitle "EXT 2024"]
[Source "ChessBase"]
[SourceDate "2023.10.10"]
[SourceVersion "1"]
[SourceVersionDate "2023.10.10"]
[SourceQuality "1"]
[WhiteTeam "Maxima AAA"]
[BlackTeam "Haiti"]
[WhiteTeamCountry "VEN"]
[BlackTeamCountry "HAI"]

1. e4 e5 2. Nf3 Nc6 3. Bc4 h6 4. d3 Bc5 5. Be3 Bb6 6. Nc3 Nf6 7. 0-0 d6 8. h3 0-0 9. Ne2 d5 10. exd5 Nxd5 11. Bxb6 axb6 12. Re1 Re8 13. Ng3 Nf6 14. Ne4 Nd5 15. Qd2 Bf5 16. Ng3 Bc8 17. Bb5 Ra5 18. Bxc6 bxc6 19. Rxe5 Rxe5 20. Nxe5 Nf6 21. Nxc6 Qd5 22. Nxa5 bxa5 23. Qe2 Bb7 24. f3 Qd4+ 25. Kh1 Qxb2 26. Qd1 Qd4 27. Rb1 Bc6 28. Qe1 Nd5 29. Nf5 Qf6 30. Ne3 Nc3 31. Rb8+ Kh7 32. Nc4 Bd5 33. Nxa5 c6 34. Re8 Nxa2 35. c4 Be6 36. Nxc6 Bd7 37. Qe4+ g6 38. Qe7 Qa1+ 39. Kh2 Bxe8 40. Qxe8 Qf6 41. Nd8 Kg7 42. c5 Nc1 43. c6 Nxd3 44. Qxf7+ Qxf7 45. Nxf7 Kxf7 46. c7 Ne5 47. c8Q 1-0